000 01349nam1a2200325 i 4500
001 RU\NLR\ONL2\1502
005 20241212214420.0
035 _a(NLR Aleph) 009649107
090 _a9570279
_c9570279
100 _a20030910g20029999u||y0rusy50 ca
101 0 _atat
102 _aRU
105 _ay |||||||||
200 1 _aАй колакланса, ни була?
_eХалык афоризмнары
_f[Редкол.: К.М.Миннуллин (сериянен баш ред.) h. б.
_gТоз., кереш мэкалэ hэм иск. авт.Х.Ш.Мэхмутов]
210 _aКазан
_cМэгариф
_d2002-
215 _d22
225 1 _aЭнже чэчтем - энже жыям
300 _aЗагл. обл.: Халык афоризмнары.
512 1 _aХалык афоризмнары
541 1 _aНародные жемчужины
_eАфорист. жанры
_zrus
606 0 _aТатарский фольклор
_91135031
_3RU\NLR\auth\66132184
686 1 _aШ3(235=Тат)-65
702 1 _4220
_7ca
_8tat
_aМәхмүтов
_bХ. Ш. улы
_f1933-
_gХуҗиәхмәт Шаһиәхмәт улы
_9194722
_3RU\NLR\AUTH\770194773
801 0 _aRU
_bNLR
_c20030910
_gPSBO
852 _aNLR
_jТатар./3-12818
852 _aNLR
_bОНЛ
942 _cBOOK
980 _aONL_RF